000 00504 a2200145 4500
999 _c136
_d136
020 _a9781111306120
050 _aBF 637.B4 MIL 2012
100 _aMiltenberger, G. Raymond
_eauthor
245 _aBehaviour modification
_bprinciples and procedures /
_cRaymond G. Miltenberger
264 _aBelmont, CA :
_bCengage Learning,
_c2012
300 _axxi, 548p. :
_bill.
500 _aIncludes bibliographical references and index
650 _aBehaviour modification
942 _2lcc
_cBK
_e5th edition
_h637.B4
_iMIL
_kBF